Vista normal
Vista MARC
Entrada Nombre de Reuniones
Número de registros utilizados en: 1
001 - CONTROL NUMBER
- control field: 27568
003 - CONTROL NUMBER IDENTIFIER
- control field: AR-RoUNA
005 - DATE AND TIME OF LATEST TRANSACTION
- control field: 20251112164143.0
008 - FIXED-LENGTH DATA ELEMENTS
- fixed length control field: 251112|| aca||aabn | a|a d
040 ## - CATALOGING SOURCE
- Original cataloging agency: AR-RoUNA
- Transcribing agency: AR-RoUNA
111 ## - HEADING--MEETING NAME
- Meeting name or jurisdiction name as entry element: Curso 5
670 ## - SOURCE DATA FOUND
- Source citation: Work cat.: (AR-RoUNA)12241: Burgos, Juan Manuel 27565, La arquitectura en Buenos Aires en 1880 /, 1968